000 00779nam a22002777a 4500
003 CHAP
005 20220329133758.0
008 971013s1981 r 00010 d
010 _a10782
011 _a11754
035 _a11037
040 _cCHAP
082 0 4 _a532
_bT78 1971
100 0 0 _aTrueba Coronel, Samuel.
_9115364
245 1 _aHidráulica
260 _aMéxico :
_bCECSA,
_c1981
300 _a454 p
590 _aBATCH-UPD
_b10
_c20130110
_lUCH01
_h0914
590 _aBATCH-UPD
_b10
_c20130410
_lUCH01
_h0538
590 _aBATCH-UPD
_b10
_c20130914
_lUCH01
_h1613
590 _aCONVERSION
_b10
_c20130109
_lUCH01
_h1307
650 1 4 _aHidráulica.
_955219
901 _aBK
942 _cLIBRO
949 _a532 T78 1971
_bBC
_cLIBRO
_d33724000666400
_eLIBRO
_h15827
_i11037
_si
999 _c10782
_d10782